| 000 | 008750000a22001930004500 | ||
|---|---|---|---|
| 001 | 12125 | ||
| 020 | _a958-30-0940-7 | ||
| 041 | 0 | _aSPA | |
| 082 | 0 | 4 | _aG 001.42 M4738m |
| 100 | 1 | _aMayorga Rodríguez, Carolina | |
| 245 | 1 | 0 | _aMetodología de la investigación / Carolina Mayorga Rodríguez |
| 260 | _aBogotá : Panamericana | ||
| 300 | _a127 Pag | ||
| 505 | 0 | 0 | _a"Uno y el universo": El hombre y sus relaciones con el universo físico y social -- La investigación como factor de producción y circulación del conocimiento y la cultura -- El método como necesidad y garantía en el trabajo intelectual -- estrategias de investigación -- La escritura como expresión y resultado del trabajo de investigación -- Bibliografía básica. |
| 942 | _cBK | ||
| 999 |
_c41153 _d41153 |
||
| 336 |
_atexto _btxt _2rdacontent |
||
| 337 |
_2rdamedia _asin mediación _bn |
||
| 338 |
_2rdacarrier _avolumen _bnc |
||